| Tag |
First Indicator |
Second Indicator |
Subfields |
| LEADER |
00000pam a2200000 a 4500 |
| 001 |
in00000070987 |
| 005 |
20151008062011.0 |
| 008 |
810108s1981 laua b 00110 engm |
| 010 |
|
|
|a 80029689
|
| 020 |
|
|
|a 080710860X :
|c $20.00
|
| 035 |
|
|
|a (OCoLC)07196830
|
| 035 |
|
|
|9 AAJ9306AM
|
| 039 |
0 |
|
|a 2
|b 3
|c 3
|d 3
|e 3
|
| 040 |
|
|
|a DLC
|c DLC
|d m.c.
|d TXA
|d UtOrBLW
|
| 043 |
|
|
|a n-us---
|
| 049 |
|
|
|a TXAM
|c [1406722]
|
| 050 |
0 |
0 |
|a HD6072.2.U5
|b S94
|
| 082 |
0 |
|
|a 331.4/8164046/0973
|2 19
|
| 100 |
1 |
|
|a Sutherland, Daniel E.
|
| 245 |
1 |
0 |
|a Americans and their servants :
|b domestic service in the United States from 1800 to 1920 /
|c Daniel E. Sutherland.
|
| 264 |
|
1 |
|a Baton Rouge :
|b Louisana State University Press,
|c [1981]
|
| 264 |
|
4 |
|c ©1981
|
| 300 |
|
|
|a xv, 229 pages :
|b illustrations ;
|c 24 cm.
|
| 336 |
|
|
|a text
|b txt
|2 rdacontent
|
| 337 |
|
|
|a unmediated
|b n
|2 rdamedia
|
| 338 |
|
|
|a volume
|b nc
|2 rdacarrier
|
| 500 |
|
|
|a Includes index.
|
| 504 |
|
|
|a Bibliography: pages [201]-222.
|
| 650 |
|
0 |
|a Women household employees
|z United States
|x History.
|
| 999 |
|
|
|a MARS
|
| 999 |
f |
f |
|s 02a51a23-07f8-39b2-be0f-85a8c610fb39
|i b9c8dc00-cedd-3e4d-81b0-3b1cf718a229
|t 0
|
| 952 |
f |
f |
|p ric
|a Texas A&M University
|b Rellis Campus
|c Joint Library Facility
|d Remote Storage
|t 0
|e HD6072.2.U5 S94
|h Library of Congress classification
|i unmediated -- volume
|m A14806128358
|
| 998 |
f |
f |
|a HD6072.2.U5 S94
|t 0
|l Remote Storage
|